| 000 | 00364nam a22001337a 4500 | ||
|---|---|---|---|
| 082 |
_a943.082 _bFRA |
||
| 100 |
_aClarke, F.C.H. _950223 |
||
| 245 |
_aThe Franco-German war 1870-71 _cClarke, F.C.H. |
||
| 260 |
_aLondon _bHer Majesty's Stationary Office |
||
| 300 | _aix, 111 | ||
| 526 |
_a0 _b0 _c0 _d943_082000000000000_FRA |
||
| 650 |
_aMCE _9379 |
||
| 942 |
_2ddc _cBK |
||
| 999 |
_c553108 _d553108 |
||